|
|
|
|
| LEADER |
00976nam a2200241 i 4500 |
| 001 |
c000129430 |
| 003 |
CARM |
| 005 |
20100730154750.0 |
| 008 |
841217s1936 ag 0 eng d |
| 019 |
1 |
|
|a 10225383
|5 LACONCORD2021
|
| 035 |
|
|
|a (OCoLC)221668862
|5 LACONCORD2021
|
| 040 |
|
|
|a VLU
|c VLU
|
| 100 |
1 |
|
|a González, Joaquín Víctor,
|d 1863-1923.
|
| 245 |
1 |
0 |
|a La tradicion nacional /
|c [por] Joaquin V. Gonzales, con una carta del Gral. Bartolome Mitre.
|
| 260 |
|
|
|a [Buenos Aires] :
|b Hachette,
|c [1936].
|
| 300 |
|
|
|a 322 p.
|
| 490 |
0 |
|
|a Coleccion El pasado argentino
|
| 500 |
|
|
|a "El texto ha sido tomado de las Obras Completas de Joaquin V. Gonzalez t.xvii.
|
| 650 |
|
0 |
|a National characteristics, Argentine.
|
| 852 |
8 |
|
|b CARM
|h A2:AF25A0
|i B01182
|p 0061975
|f BK
|
| 082 |
0 |
4 |
|a 918.2
|
| 999 |
f |
f |
|i 02e8146b-54d6-5f0f-a284-580ce2f6450d
|s 7aca7b64-b571-5706-aee4-efc141b6017a
|
| 952 |
f |
f |
|p Can circulate
|a CAVAL
|b CAVAL
|c CAVAL
|d CARM 1 Store
|e B01182
|f A2:AF25A0
|h Other scheme
|i book
|m 0061975
|